Equipe de France - Coupe du monde 2002 - Statistiques

Statistiques générales
  • Ce quiz a été pris 143 fois
  • Le résultat moyen est 18 sur 24
Statistiques - réponses
Poste Club du moment Nom du joueur % Correct
G 16 Man.United Fabien BARTHEZ
97%
D 15 Juventus Lilian THURAM
97%
M 10 Réal Madrid Zinédine ZIDANE
97%
ATT 12 Arsenal Thierry HENRY
96%
ATT 20 Juventus David TREZEGUET
95%
D 3 Bayern Munich Bixente LIZARAZU
92%
G 23 OL Grégory COUPET
91%
M 4 Arsenal Patrick Vieira
89%
D 8 Chelsea Marcel DESAILLY
84%
M 7 Réal Madrid Claude MAKELELE
82%
ATT 9 AJ Auxerre Djibril CISSE
82%
D 19 Bayern Munich Willy SAGNOL
78%
M 17 Chelsea Emmanuel PETIT
76%
D 18 OM Franck LEBOEUF
76%
ATT 11 Arsenal Sylvain WILTORD
71%
ATT 21 Bordeaux Christophe DUGARRY
69%
G 1 Bordeaux Ulrich RAME
65%
ATT 6 Bolton Wanderers Youri DJORKAEFF
63%
D 2 AS Rome Vincent CANDELA
61%
Coach // France Roger LEMERRE
56%
M 14 Parme FC Alain BOGHOSSIAN
51%
M 22 Parme FC Johan MICOUD
44%
D 13 Man.United Mikaël SYLVESTRE
41%
D 5 FC Barcelone Philippe CHRISTANVAL
30%
Aucun quiz correspondant
Distribution des résultats
% des personnes avec chaque résultat
Percentile par nombre de réponses
Votre historique - résultats
Vous n’avez pas pris ce quiz